Lập mô hình tài chính

Trình bày Sử dụng hàm mục tiêu goal seek tìm giá trị mong muốn - Ứng dụng trong phân tích điểm hòa vốn; Mô hình tối ưu hóa; Các mô hình khấu hao tài sản cố định; Giá trị tiền tệ theo thời gian; Thẩm định hiệu quả tài chính dự án đầu tư; Đi...

Deskribapen osoa

Gorde:
Xehetasun bibliografikoak
Egile nagusia: Trần, Thế Sao
Beste egile batzuk: Võ, Tấn Bảo
Formatua: Liburua
Hizkuntza:Undetermined
Argitaratua: Tp. Hồ Chí Minh Đại học Tp. Hồ Chí Minh 2016
Gaiak:
Sarrera elektronikoa:http://lrc.tdmu.edu.vn/opac/search/detail.asp?aID=2&ID=31003
Etiketak: Etiketa erantsi
Etiketarik gabe, Izan zaitez lehena erregistro honi etiketa jartzen!
Thư viện lưu trữ: Trung tâm Học liệu Trường Đại học Thủ Dầu Một
LEADER 01204nam a2200217Ia 4500
001 TDMU_31003
008 210410s9999 xx 000 0 und d
082 |a 333.88 
090 |b TR121 
100 |a Trần, Thế Sao 
245 0 |a Lập mô hình tài chính 
245 0 |c Trần Thế Sao, Võ Tấn Bảo 
260 |a Tp. Hồ Chí Minh 
260 |b Đại học Tp. Hồ Chí Minh 
260 |c 2016 
300 |a 231tr. 
520 |a Trình bày Sử dụng hàm mục tiêu goal seek tìm giá trị mong muốn - Ứng dụng trong phân tích điểm hòa vốn; Mô hình tối ưu hóa; Các mô hình khấu hao tài sản cố định; Giá trị tiền tệ theo thời gian; Thẩm định hiệu quả tài chính dự án đầu tư; Định giá chứng khoán; Định giá Option nhị thức Danh mục đầu tư; Thời lượng trái phiếu 
650 |a Mô hình tài chính  |x Lập mô hình 
700 |a Võ, Tấn Bảo 
856 |u http://lrc.tdmu.edu.vn/opac/search/detail.asp?aID=2&ID=31003 
980 |a Trung tâm Học liệu Trường Đại học Thủ Dầu Một